000 01019nam a2200265 i 4500
001 bg
100 1 _aMANGIONE, Thomas W.
245 1 0 _aAnkietowanie pocztowe w badaniach marketingowych i socjologicznych /
_cThomas W. Mangione ; przekł. Jacek Chołoniewski, Anna Kossakowska.
246 _iTyt. oryg.:
_aMail surveys : improving the quality
260 _aWarszawa :
_bWydaw. Naukowe PWN,
_c1999.
300 _a162, [2] s. :
_b1 wykr., err. ;
_c22 cm.
500 _aTyt. oryg. : "Mail surveys : improving the quality" 1995. - Na okł. podtyt. : jak przeprowadzić badanie, kiedy wybrać tę metodę badawczą, jak uzyskać wysoki procet odpowiedzi.
504 _aBibliogr. s. 151-159.
650 9 _aAnkieta
_xmetody
650 9 _aMarketing
_xmetody
650 9 _aSocjologia
_xmetody
655 _aPodręczniki
020 _a830112850X
040 _cBPK
041 1 _apol
_hen
080 _a303.4/.8:316:339.138](07)
920 _a83-01-12850-X
942 _cKS
008 s pl f |000 0 pol
999 _c37207
_d37207
856 _uhttp://koha.tu.koszalin.pl/cgi-bin/koha/opac-detail.pl?biblionumber=37207
_yKatalog online BPK